[Event "De Verteuil Memorial 26th"]
[Site "Port of Spain"]
[Date "2018.11.08"]
[Round "6"]
[White "Jones, David"]
[Black "Knight, Colin"]
[Result "1/2-1/2"]
[WhiteElo "1894"]
[BlackElo "1851"]
[PlyCount "48"]
[EventDate "2018.10.04"]
[EventType "swiss"]
[EventRounds "7"]
[EventCountry "TRI"]
[SourceTitle "CBM 187 Extra"]
[Source "ChessBase"]
[SourceDate "2018.11.04"]
[SourceVersion "1"]
[SourceVersionDate "2018.11.04"]
[SourceQuality "1"]

1. c4 b6 2. Nc3 Bb7 3. d4 e6 4. a3 f5 5. Qc2 Nf6 6. d5 Be7 7. dxe6 dxe6 8. Bf4 a6 9. Nf3 Nbd7 10. Rd1 Qc8 11. Ne5 Nxe5 12. Bxe5 0-0 13. f3 Nd7 14. Bd4 Bh4+ 15. g3 Bf6 16. Bxf6 Nxf6 17. Bg2 Qe8 18. 0-0 Qc6 19. Qa4 Qc5+ 20. Kh1 Rfd8 21. Qb3 Qc6 22. Qa4 Qc5 23. Qb3 Qc6 24. Qa4 Qc5 1/2-1/2

[Event "Port of Spain op 44th"]
[Site "Port of Spain"]
[Date "2017.05.18"]
[Round "5"]
[White "Knight, Colin"]
[Black "Grant, Ian"]
[Result "1-0"]
[WhiteElo "1899"]
[BlackElo "1717"]
[PlyCount "103"]
[EventDate "2017.04.20"]
[EventType "swiss"]
[EventRounds "7"]
[EventCountry "TRI"]
[SourceTitle "EXT 2018"]
[Source "ChessBase"]
[SourceDate "2017.10.13"]
[SourceVersion "1"]
[SourceVersionDate "2017.10.13"]
[SourceQuality "1"]

1. d4 Nf6 2. c4 e5 3. dxe5 Ng4 4. Nf3 Nc6 5. Bf4 Bb4+ 6. Nbd2 Qe7 7. e3 Ngxe5 8. Be2 d6 9. 0-0 0-0 10. a3 Bxd2 11. Qxd2 Nxf3+ 12. Bxf3 Ne5 13. Be2 Be6 14. Qc3 f6 15. Rac1 b6 16. b4 c5 17. bxc5 bxc5 18. Rb1 Rab8 19. Rfd1 Qc7 20. Qc2 Rxb1 21. Rxb1 Rb8 22. Bxe5 Rxb1+ 23. Qxb1 dxe5 24. Qb5 Kf7 25. Bf3 Bd7 26. Bd5+ Ke7 27. Qb1 g6 28. h3 Qb6 29. Qxb6 axb6 30. Kf1 Kd6 31. e4 f5 32. f3 g5 33. Ke2 h5 34. Bf7 Be6 35. Bxe6 Kxe6 36. Kd3 Kf6 37. Ke3 Kg6 38. exf5+ Kxf5 39. g4+ hxg4 40. hxg4+ Kg6 41. Ke4 Kf6 42. Kd5 e4 43. Kxe4 Ke6 44. a4 Ke7 45. Kf5 Kd6 46. f4 gxf4 47. Kxf4 Ke6 48. Ke4 Kd6 49. Kf5 Ke7 50. Ke5 Kd7 51. Kd5 Ke7 52. Kc6 1-0

[Event "Port of Spain op 44th"]
[Site "Port of Spain"]
[Date "2017.05.11"]
[Round "4"]
[White "Knight, Colin"]
[Black "Wiltshire, Louis"]
[Result "1-0"]
[WhiteElo "1899"]
[BlackElo "1587"]
[PlyCount "91"]
[EventDate "2017.04.20"]
[EventType "swiss"]
[EventRounds "7"]
[EventCountry "TRI"]
[SourceTitle "EXT 2018"]
[Source "ChessBase"]
[SourceDate "2017.10.13"]
[SourceVersion "1"]
[SourceVersionDate "2017.10.13"]
[SourceQuality "1"]

1. d4 d5 2. Bf4 c6 3. e3 Bf5 4. c4 e6 5. Qb3 Qd7 6. Nf3 f6 7. Nc3 Ne7 8. h3 Ng6 9. Bh2 Be7 10. g4 Be4 11. Nxe4 dxe4 12. Nd2 f5 13. gxf5 exf5 14. c5 Na6 15. Nc4 Rd8 16. Bd6 b6 17. Bxe7 Qxe7 18. Nd6+ Rxd6 19. cxd6 Qxd6 20. Bxa6 Nh4 21. 0-0-0 Nf3 22. Be2 Nh4 23. Kb1 Rf8 24. d5 c5 25. Qb5+ Ke7 26. Qc6 Rd8 27. Rhg1 g6 28. Rg3 Kf6 29. Qxd6+ Rxd6 30. f3 exf3 31. Bxf3 Nxf3 32. Rxf3 Ke5 33. Rf4 h6 34. h4 a6 35. Kc2 b5 36. b4 c4 37. Rfd4 g5 38. hxg5 hxg5 39. Kc3 g4 40. Rh1 g3 41. Rg1 Rg6 42. d6 g2 43. d7 Rg3 44. d8Q Rxe3+ 45. Kd2 Ra3 46. Qd6# 1-0

[Event "Port of Spain op 44th"]
[Site "Port of Spain"]
[Date "2017.05.04"]
[Round "3"]
[White "Lee, Hayden"]
[Black "Knight, Colin"]
[Result "1-0"]
[WhiteElo "1845"]
[BlackElo "1899"]
[PlyCount "114"]
[EventDate "2017.04.20"]
[EventType "swiss"]
[EventRounds "7"]
[EventCountry "TRI"]
[SourceTitle "EXT 2018"]
[Source "ChessBase"]
[SourceDate "2017.10.13"]
[SourceVersion "1"]
[SourceVersionDate "2017.10.13"]
[SourceQuality "1"]

1. d4 Nf6 2. Nf3 d5 3. a3 Bf5 4. Nc3 e6 5. e3 Nbd7 6. b3 c6 7. Bb2 Bd6 8. Be2 h6 9. 0-0 0-0 10. Nh4 Bh7 11. f4 Ne4 12. Nf3 Qe7 13. Nxe4 Bxe4 14. c4 Rad8 15. Rf2 Rfe8 16. g4 f6 17. h4 g5 18. hxg5 hxg5 19. Qd2 Nf8 20. c5 Bc7 21. Raf1 Ng6 22. fxg5 fxg5 23. Ne5 Bxe5 24. dxe5 Rf8 25. Rf6 Rxf6 26. exf6 Qf7 27. Bd3 Rd7 28. Bxe4 dxe4 29. Qh2 Rd8 30. Qh6 Rd5 31. b4 Nh4 32. Rf2 Nf3+ 33. Kg2 Rd1 34. Rxf3 exf3+ 35. Kxf3 Rd2 36. Qxg5+ Kf8 37. Be5 Ke8 38. Qh6 Rd5 39. Bd6 Qg8 40. Kf4 Qf7 41. e4 e5+ 42. Kf5 Rd1 43. Kxe5 Rd5+ 44. Kf4 Rd1 45. Qh8+ Kd7 46. Be7 Rf1+ 47. Kg5 Qe8 48. Qg7 Ke6 49. Bd6 Qf7 50. Qxf7+ Kxf7 51. e5 Rf3 52. a4 Rb3 53. Kf5 Rf3+ 54. Ke4 Rb3 55. b5 Rb4+ 56. Kf5 Rb1 57. e6+ Ke8 1-0

[Event "Port of Spain op"]
[Site "Port of Spain"]
[Date "2016.08.02"]
[Round "7"]
[White "Knight, Colin"]
[Black "Chirinos Cabrera, Cleren Jesus"]
[Result "0-1"]
[WhiteElo "1878"]
[BlackElo "2012"]
[PlyCount "141"]
[EventDate "2016.07.29"]
[EventType "swiss"]
[EventRounds "9"]
[EventCountry "TRI"]
[SourceTitle "EXT 2017"]
[Source "ChessBase"]
[SourceDate "2016.10.25"]
[SourceVersion "1"]
[SourceVersionDate "2016.10.25"]
[SourceQuality "1"]

1. d4 Nf6 2. Bg5 b6 3. Nd2 Bb7 4. Ngf3 Na6 5. e3 c5 6. c3 Nc7 7. Bd3 Ne6 8. Bh4 Nd5 9. a3 cxd4 10. cxd4 g6 11. 0-0 Bg7 12. Rc1 0-0 13. Qa4 a6 14. Rc2 b5 15. Qb3 Nf6 16. Bxf6 Bxf6 17. Be4 d5 18. Bd3 Qb8 19. Rfc1 Rd8 20. Qb4 Rc8 21. Nb3 Rc4 22. Qd2 Rxc2 23. Rxc2 Qd6 24. Qc1 Re8 25. Na5 Ba8 26. Rc8 Rd8 27. h3 Kg7 28. Rxd8 Qxd8 29. Qc3 Qc7 30. Qxc7 Nxc7 31. Kf1 Kf8 32. Ke2 Ke8 33. Kd2 Bg7 34. Kc2 f6 35. Nd2 e5 36. Ndb3 exd4 37. Nxd4 Kd7 38. Be2 Kd6 39. Bf3 f5 40. Kd3 Ne6 41. Nab3 Ng5 42. Be2 Ne4 43. f3 Nf2+ 44. Kd2 Bh6 45. Bf1 f4 46. exf4 Bxf4+ 47. Kc2 Nh1 48. Ne2 Bh2 49. Nbd4 Ng3 50. Nxg3 Bxg3 51. Kd3 Be5 52. Ke3 Bb7 53. f4 Bf6 54. g4 Bc8 55. Bd3 Bd7 56. Be2 Kc5 57. Nb3+ Kb6 58. Nd4 Kc5 59. Nb3+ Kd6 60. Nd4 g5 61. f5 Be5 62. b4 Bf4+ 63. Kd3 Bc1 64. Nc2 Ke5 65. Bf3 h5 66. Be2 hxg4 67. hxg4 Bb2 68. Bf3 Bc6 69. Bd1 d4 70. Be2 Be4+ 71. Kd2 0-1

[Event "Port of Spain op"]
[Site "Port of Spain"]
[Date "2016.07.30"]
[Round "3"]
[White "Ramos Caldera, Cesar"]
[Black "Knight, Colin"]
[Result "0-1"]
[WhiteElo "2028"]
[BlackElo "1878"]
[PlyCount "92"]
[EventDate "2016.07.29"]
[EventType "swiss"]
[EventRounds "9"]
[EventCountry "TRI"]
[SourceTitle "EXT 2023"]
[Source "ChessBase"]
[SourceDate "2022.10.05"]
[SourceVersion "1"]
[SourceVersionDate "2022.10.05"]
[SourceQuality "1"]

1. e4 d5 2. exd5 Nf6 3. d4 Bg4 4. Nf3 Qxd5 5. Be2 Nc6 6. 0-0 0-0-0 7. Be3 Qf5 8. Nbd2 e5 9. Nxe5 Nxe5 10. dxe5 Bxe2 11. Qxe2 Qxe5 12. Nf3 Qh5 13. Bxa7 Bd6 14. Qc4 g5 15. Bc5 g4 16. Bxd6 Rxd6 17. Ne1 Nd5 18. f3 Rg8 19. fxg4 Rxg4 20. Qe2 Re6 21. Qf2 Rf6 22. Qd2 Rfg6 23. Rf2 Rh6 24. Nf3 Nf4 25. Kf1 Qb5+ 26. Kg1 Nh3+ 27. Kh1 Nxf2+ 28. Qxf2 Qb6 29. Qe2 Re6 30. Qd2 Reg6 31. Re1 Re6 32. Ne5 Rd4 33. Qg5 f6 34. Qg8+ Rd8 35. Qg4 fxe5 36. h3 Kb8 37. b3 Qc6 38. c4 Rg6 39. Qe2 Rdg8 40. Rg1 Rg3 41. Kh2 e4 42. b4 Qd6 43. Kh1 Qd3 44. Qh5 e3 45. c5 Rxg2 46. Rxg2 Qf1+ 0-1

[Event "De Verteuil Memorial 20th"]
[Site "Port of Spain"]
[Date "2012.10.25"]
[Round "2"]
[White "Knight, Colin"]
[Black "Harper, Ryan"]
[Result "0-1"]
[WhiteElo "1911"]
[BlackElo "2237"]
[PlyCount "38"]
[EventDate "2012.10.18"]
[EventType "swiss"]
[EventRounds "7"]
[EventCountry "TRI"]
[SourceTitle "EXT 2024"]
[Source "ChessBase"]
[SourceDate "2023.10.10"]
[SourceVersion "1"]
[SourceVersionDate "2023.10.10"]
[SourceQuality "1"]

1. d4 d5 2. Nf3 Nf6 3. e3 c5 4. dxc5 Nc6 5. c3 a5 6. Bb5 Bg4 7. Qa4 Bxf3 8. gxf3 Nd7 9. Nd2 e6 10. Qg4 Nxc5 11. 0-0 Bd6 12. e4 0-0 13. Bxc6 bxc6 14. Rd1 f5 15. exf5 exf5 16. Qh3 Rf6 17. Nf1 Rg6+ 18. Kh1 f4 19. Nd2 Nd3 0-1